000 005950000a22001930004500
999 _c54342
_d54342
001 768714001
003 CO-MdFUSB
005 20170823151902.0
008 170823s2002 xxu||||| |||| 00| 0 eng d
022 _a0120-3649
040 _aCO-MdFUSB
_bspa
_cCO-MdFUSB
_dCO-MdFUSB
041 _aeng
100 1 _aJacobson, David
_eautor
245 1 0 _aHerod's Roman temple
300 _aVolumen 28. Número 2 (2002), Páginas 18-27
_c28 cm.
546 _aTexto en inglés
773 0 _tBiblical Archaeology Review
_049395
_959463
_gVolumen 28. Número 2 (2002), Páginas 18-27
_q Página 18
942 _cANA